000 00603nam a2200205 4500
005 20260107114414.0
008 260107b |||||||| |||| 00| 0 eng d
041 _aeng
082 _a510
_bDEB
100 _aDeb, Sudip.
245 _aStudy of fixed point theorems and their applications on fractional differential and integral equation /
260 _c2025.
_eMAT
300 _axvi ; 193p.
650 _aMathematics
650 _aMathematics Applied
650 _aPhysical Sciences
700 _aDas, Anupam.
856 _uhttps://shodhganga.inflibnet.ac.in/handle/10603/673717
942 _cTHS
999 _c67699
_d67699